Online Catalogue and eLibrary

Mistaking politics for governance : (Record no. 430)

MARC details
000 -LEADER
fixed length control field 00679cam a2200205 i 4500
001 - CONTROL NUMBER
control field 15674015
005 - DATE AND TIME OF LATEST TRANSACTION
control field 20240220005157.0
008 - FIXED-LENGTH DATA ELEMENTS--GENERAL INFORMATION
fixed length control field 090326s2009 ce b 000 0 eng
020 ## - INTERNATIONAL STANDARD BOOK NUMBER
ISBN 9789555801195
040 ## - CATALOGING SOURCE (பட்டியலாக்க மூலம்)
Original cataloging agency DLC
Language of cataloging eng
Transcribing agency DLC
Modifying agency DLC
Description conventions rda
082 ## - DDC Classification
DDC Edition Number 22
Class No. 320.94.
Item Number - Author Mark MIS.
100 1# - MAIN ENTRY--PERSONAL NAME
Personal name Rainford, Charan.
245 10 - TITLE STATEMENT
Title Mistaking politics for governance :
Remainder of title the politics of interim arrangements in Sri Lanka, 2002-2005 /
Statement of responsibility, etc. Charan Rainford and Ambika Satkunanathan.
250 ## - EDITION STATEMENT
Edition statement 1st,
260 ## - PUBLICATION, DISTRIBUTION, ETC.
Place of publication, distribution, etc. Colombo :
Name of publisher, distributor, etc. International Centre for Ethnic Studies,
Date of publication, distribution, etc. 2009.
300 ## - PHYSICAL DESCRIPTION
Extent (e.g. Volumes, Pages etc.) iv, 198 pages ;
650 #0 - SUBJECT ADDED ENTRY--TOPICAL TERM
Topical term or geographic name entry element Coalition governments
700 1# - ADDED ENTRY--PERSONAL NAME
Personal name Satkunanathan, Ambika.
Relator term (Role) Editor
942 ## - Koha item type (Biblio)
Koha item type Books in Stacks (Lending)
Holdings
Lost status Damaged status Collection code Home library Current library Date acquired Full call number Accession Number Item type
    Lending WERC Library WERC Library 02/20/2024 320.94. MIS. 6574 Books in Stacks (Lending)

© WERC Library